Click to Build the Contiguous United States - Statistics

General Stats
  • This quiz has been taken 316 times
  • The average score is 39 of 49
Answers on the Map
Answers color-coded by a green-red scale on the quiz's map according to % correct below.
 
Answer Stats
Answer % Correct
Arizona
93%
New Mexico
93%
California
92%
Texas
92%
Washington
91%
Nevada
90%
Louisiana
89%
Minnesota
84%
South Dakota
82%
Utah
82%
Colorado
81%
Idaho
81%
Maine
81%
New York
81%
North Carolina
81%
North Dakota
81%
Oklahoma
81%
Oregon
81%
Montana
80%
Nebraska
80%
Mississippi
79%
Tennessee
79%
Florida
78%
Wyoming
78%
Ohio
77%
Rhode Island
77%
South Carolina
77%
Vermont
77%
Virginia
77%
Alabama
76%
Arkansas
76%
Kentucky
76%
New Hampshire
76%
Pennsylvania
76%
West Virginia
76%
Connecticut
75%
Indiana
75%
Iowa
75%
Maryland
74%
Missouri
74%
New Jersey
74%
Wisconsin
74%
Kansas
73%
Massachusetts
73%
Georgia
72%
Illinois
72%
Michigan
71%
Delaware
69%
Washington, DC
69%
No matching quizzes found
Score Distribution
Percent of People with Each Score
Percentile by Number Answered
Your Score History
You have not taken this quiz